[Event "Moron opJ"]
[Site "Moron"]
[Date "1992.??.??"]
[Round "1"]
[White "Dolezal, Cristian"]
[Black "Rogovsky, Sergio"]
[Result "1/2-1/2"]
[WhiteElo "2255"]
[BlackElo "1915"]
[PlyCount "132"]
[EventDate "1992.??.??"]
[EventType "swiss"]
[EventRounds "7"]
[EventCountry "ARG"]
[SourceTitle "EXT 1998"]
[Source "ChessBase"]
[SourceDate "1997.11.17"]
[SourceVersion "1"]
[SourceVersionDate "1997.11.17"]
[SourceQuality "1"]

1. e4 e6 2. d3 d5 3. Nd2 c5 4. Ngf3 Nc6 5. c3 Nf6 6. Be2 Be7 7. 0-0 0-0 8. Re1 Qc7 9. Bf1 e5 10. exd5 Nxd5 11. Nc4 f6 12. a4 b6 13. g3 Bg4 14. h3 Bh5 15. Bg2 Rad8 16. Qb3 Bf7 17. Nh4 Rfe8 18. Nf5 Bf8 19. Qb5 Nce7 20. Nxe7+ Rxe7 21. a5 Qd7 22. Qxd7 Rexd7 23. Bxd5 Rxd5 24. axb6 axb6 25. Nxb6 Rxd3 26. Be3 Rb8 27. Na4 c4 28. Red1 Rxd1+ 29. Rxd1 Be6 30. g4 Rb3 31. Rd2 Kf7 32. f3 Rb5 33. Kf2 Ra5 34. Nb6 Bc5 35. Bxc5 Rxc5 36. Ke3 Rb5 37. Na8 Rb7 38. Rd6 Ke7 39. Rb6 Rxb6 40. Nxb6 Kd6 41. Na4 Kc6 42. b3 cxb3 43. Nb2 g6 44. Kd3 Kc5 45. Na4+ Kb5 46. Nb2 Bd7 47. Ke3 Kc5 48. h4 h6 49. Kd2 f5 50. g5 hxg5 51. hxg5 Bc6 52. Nd3+ Kd6 53. f4 exf4 54. Nxf4 Be4 55. Kc1 Bd5 56. Nxg6 Bf7 57. Nf4 Ke5 58. Nd3+ Ke4 59. Kd2 f4 60. g6 Bg8 61. g7 Kf3 62. c4 Ke4 63. Kc3 f3 64. Nc5+ Kf5 65. Nxb3 Kf6 66. Nd2 Kxg7 1/2-1/2

[Event "Moron opJ"]
[Site "Moron"]
[Date "1992.??.??"]
[Round "6"]
[White "Inchausti, Pablo Ezequiel"]
[Black "Rogovsky, Sergio"]
[Result "1-0"]
[WhiteElo "1970"]
[BlackElo "1915"]
[PlyCount "103"]
[EventDate "1992.??.??"]
[EventType "swiss"]
[EventRounds "7"]
[EventCountry "ARG"]
[SourceTitle "EXT 1998"]
[Source "ChessBase"]
[SourceDate "1997.11.17"]
[SourceVersion "1"]
[SourceVersionDate "1997.11.17"]
[SourceQuality "1"]

1. e4 e5 2. Nf3 Nc6 3. Bc4 Be7 4. d4 d6 5. 0-0 Nf6 6. d5 Nb8 7. Bd3 0-0 8. c4 Nbd7 9. Nc3 a5 10. h3 Ne8 11. a3 g6 12. Bh6 Ng7 13. b4 f5 14. Bd2 f4 15. Na4 g5 16. c5 dxc5 17. Nxc5 Nxc5 18. bxc5 Bxc5 19. Bc3 Bd6 20. Bxe5 Bxe5 21. Nxe5 Qe7 22. Nc4 f3 23. gxf3 Bxh3 24. Re1 g4 25. Re3 Qh4 26. Bf1 gxf3 27. Rxf3 Bxf1 28. Rxf8+ Rxf8 29. Qxf1 Rf6 30. Ne3 Rh6 31. Qg2 Rg6 32. f3 Rxg2+ 33. Kxg2 Kf7 34. Rg1 Qf4 35. Kf2 h5 36. Nc4 b6 37. Ne3 Qd6 38. Rxg7+ Kf8 39. Nf5 Qxa3 40. Rxc7 Qb2+ 41. Ke3 Ke8 42. d6 Kd8 43. Kf4 a4 44. e5 Qd2+ 45. Ke4 Qb4+ 46. Kd5 Qb3+ 47. Kd4 Qb4+ 48. Ke3 Qe1+ 49. Kf4 a3 50. Nd4 Qd2+ 51. Ke4 a2 52. Nc6+ 1-0